00418nam a2200181Ia 4500008004100000020001800041050001400059100001800073245002400091245002100115260001500136260001600151260000900167300001500176300002700191300001000218500000800228170918s9999 xx 000 0 und d a9780545007177 bC282 2007 aCarlin, Lydia aRain forest homes / cby Lydia Carlin. aNew York : bScholastic, c2007 a16 pages : bcolored illustration ; c23cm. a560